Equipes n'ayant pas perdu lors d'une coupe du monde de football. - Statistiques

Statistiques générales
  • Ce quiz a été pris 161 fois
  • Le résultat moyen est 12 sur 18
Statistiques - réponses
Hint Réponse % Correct
1998, 2006, 2018 France
100%
1990, 2014 Allemagne
99%
1934, 1938, 1982, 1990, 1998, 2006 Italie
99%
1958, 1962, 1970, 1978, 1986, 1994, 2002 Brésil
98%
1986, 2006 Argentine
94%
2002, 2018 Espagne
93%
1966, 1982, 2006 Angleterre
88%
1930, 1950 Uruguay
88%
2014, 2022 Pays-Bas
73%
1998 Belgique
69%
2006 Suisse
54%
2018 Danemark
51%
1986 Mexique
50%
2002 République d'Irlande
27%
1982 Cameroun
24%
1974 Ecosse
23%
2014 Costa Rica
18%
2010 Nouvelle-Zélande
14%
Aucun quiz correspondant
Distribution des résultats
% des personnes avec chaque résultat
Percentile par nombre de réponses
Votre historique - résultats
Vous n’avez pas pris ce quiz